00622nam a22001812 4500001001100000005001700011008004100028020001700069040001500086050001700101100002800118245007400146260006200220300001500282650006500297651004600362700003200408000000100120151217155806.0070223s xx 000 0 eng d a0804709815 : aKABUcKABU 0aDT32.5b.G361 aGann, L. H.@000014948014aThe Ruler of British Africa 1870-1914 /cL. H. Gann and Peter Duigan. aStanford, California :bStanford University Press,c1978. axi, 406 p. 0aGreat BritainxColoniesxAdministrationzAfrica.@0000149481 0aAfrica, Sub-SaharanxHistory.@00001494821 aDuigann, Peter.@0000149483